000 00412nam a2200157Ia 4500
008 210716s1983 xx 000 0 und d
020 _a673461483
041 _aeng
082 _a005.3001 ALPB
100 _aAlperson, Burton L.
245 _aAfter you get microsoft word.
250 _a1
260 _aLondon
_bScott Foresman and Company
_c1983
300 _aviii,584
650 _aMicrosoft Windows(005.269)
999 _c181035
_d181035